Estado de flujo de efectivo (Registro nro. 9889)

Detalles MARC
000 -LEADER
fixed length control field 00313 a2200109 4500
001 - CONTROL NUMBER
control field ART_25934
005 - DATE AND TIME OF LATEST TRANSACTION
control field 20260410161603.0
008 - FIXED-LENGTH DATA ELEMENTS--GENERAL INFORMATION
fixed length control field 260409a
100 1# - MAIN ENTRY--PERSONAL NAME
Personal name Petti, Ana María
245 10 - TITLE STATEMENT
Title Estado de flujo de efectivo
773 0# - HOST ITEM ENTRY
Title Profesional & Empresaria
Related parts - Año V, Nº 55 (abr. 2004)
Record control number REV70

No hay ítems disponibles.